00414nam a2200133Ia 4500008004100000020001400041040002900055050002300084100002800107245007800135260004500213942000700258999001500265221221s9999||||xx |||||||||||||| ||und|| a237507862 cChuka University Library aLB 2845 bI57 1983 aPeter Canham(ed.)93125 0aINSPECTORS'HANDBOOK:A Guide for primary school inspection and supervision aEvans brothers publishersbNigeriac1983 cBK c4186d4186